Coupes du Monde de Football: Etats-Unis - Statistiques

Statistiques générales
  • Ce quiz a été pris 148 fois
    59 depuis la dernière actualisation
  • Le résultat moyen est 19 sur 26
Statistiques - réponses
Réponse % Correct
Argentine
94%
Allemagne
91%
Brésil
91%
Italie
91%
Angleterre
89%
Iran
89%
Portugal
85%
Pays-Bas
83%
Belgique
81%
Espagne
81%
RF Yougoslavie
79%
Chili
70%
Corée du Sud
70%
Suisse
70%
Algérie
68%
Mexique
68%
Ghana
66%
Pologne
66%
Tchécoslovaquie
64%
Autriche
62%
Colombie
60%
Pays de Galles
57%
Paraguay
55%
Roumanie
51%
République Tchèque
43%
Slovénie
30%
Aucun quiz correspondant
Distribution des résultats
% des personnes avec chaque résultat
Percentile par nombre de réponses
Votre historique - résultats
Vous n’avez pas pris ce quiz depuis la dernière actualisation